000
00300nam a2200121Ia 4500
008
220204s9999 xx 000 0 und d
082
_a
677
_b
CAR
100
_a
Carter, M E
245
0
_a
Essential fiber chemistry
260
_a
New York
_b
Marcel Dekker
_c
1971
650
_a
Fiber chemistry
942
_c
BK
999
_c
26565
_d
26565